[Event "FRA-ch Blitz Online Qual"]
[Site "Europe Echecs INT"]
[Date "2020.05.16"]
[Round "4"]
[White "Spitz, Christophe"]
[Black "Bellahcene, Meriem"]
[Result "1-0"]
[WhiteElo "2137"]
[BlackElo "1936"]
[PlyCount "115"]
[EventDate "2020.05.16"]
[EventType "swiss (blitz)"]
[EventRounds "15"]
[EventCountry "FRA"]
[SourceTitle "CBM 196 Extra"]
[Source "ChessBase"]
[SourceDate "2020.07.31"]
[SourceVersion "1"]
[SourceVersionDate "2020.07.31"]
[SourceQuality "1"]

1. e4 d6 2. f4 Nf6 3. e5 dxe5 4. fxe5 Ng4 5. d4 Nc6 6. c3 Ncxe5 7. Be2 h5 8. dxe5 Qxd1+ 9. Bxd1 Nxe5 10. Nf3 Ng6 11. 0-0 e5 12. Bc2 Bc5+ 13. Kh1 0-0 14. Nbd2 f5 15. Nb3 Bb6 16. Bg5 Bd7 17. Rad1 Bc6 18. Nh4 Nxh4 19. Bxh4 f4 20. Nd2 a5 21. Be4 Bxe4 22. Nxe4 Be3 23. Bf2 Bxf2 24. Rxf2 Ra6 25. Rfd2 Rb6 26. b3 Rc6 27. c4 Rf5 28. Rd7 Kh7 29. R1d5 a4 30. Re7 axb3 31. axb3 Ra6 32. h3 Ra1+ 33. Kh2 Rb1 34. Rexe5 Rxe5 35. Rxe5 Rxb3 36. Rxh5+ Kg6 37. Rg5+ Kf7 38. Rf5+ Ke6 39. Nc5+ Kxf5 40. Nxb3 Ke4 41. h4 Kd3 42. Nc5+ Kxc4 43. Ne6 Kb3 44. Nxg7 c5 45. Ne6 c4 46. h5 c3 47. Nd4+ Kc4 48. Nc2 Kd3 49. Na3 c2 50. Nxc2 Kxc2 51. h6 b5 52. h7 b4 53. h8Q b3 54. Qc8+ Kb1 55. Qc3 b2 56. Kh3 Ka2 57. Qxb2+ Kxb2 58. Kg4 1-0

[Event "FRA-ch Blitz Online Qual"]
[Site "Europe Echecs INT"]
[Date "2020.05.16"]
[Round "13"]
[White "Spitz, Christophe"]
[Black "Efimov, Igor"]
[Result "0-1"]
[WhiteElo "2137"]
[BlackElo "2409"]
[PlyCount "52"]
[EventDate "2020.05.16"]
[EventType "swiss (blitz)"]
[EventRounds "15"]
[EventCountry "FRA"]
[SourceTitle "CBM 196 Extra"]
[Source "ChessBase"]
[SourceDate "2020.07.31"]
[SourceVersion "1"]
[SourceVersionDate "2020.07.31"]
[SourceQuality "1"]

1. e4 g6 2. f4 Bg7 3. Nf3 d5 4. e5 c5 5. c3 d4 6. Bb5+ Bd7 7. Bxd7+ Qxd7 8. d3 Nc6 9. 0-0 dxc3 10. bxc3 Rd8 11. d4 cxd4 12. cxd4 Nh6 13. Bb2 Nf5 14. Qa4 Nxe5 15. Qxd7+ Nxd7 16. Nbd2 Nf6 17. Rac1 Nd5 18. Rfe1 0-0 19. g4 Nd6 20. Ne5 Nxf4 21. Rc7 Nd5 22. Rc5 e6 23. h3 b6 24. Rc6 Nb4 25. Rc7 Nd3 26. Nxd3 Nb5 0-1

[Event "FRA-ch Blitz Online Qual"]
[Site "Europe Echecs INT"]
[Date "2020.05.16"]
[Round "6"]
[White "Spitz, Christophe"]
[Black "Rakotomaharo, Fy Antenaina"]
[Result "0-1"]
[WhiteElo "2137"]
[BlackElo "2422"]
[PlyCount "60"]
[EventDate "2020.05.16"]
[EventType "swiss (blitz)"]
[EventRounds "15"]
[EventCountry "FRA"]
[SourceTitle "CBM 196 Extra"]
[Source "ChessBase"]
[SourceDate "2020.07.31"]
[SourceVersion "1"]
[SourceVersionDate "2020.07.31"]
[SourceQuality "1"]

1. e4 c5 2. Nf3 d6 3. d4 cxd4 4. Nxd4 Nf6 5. Nc3 a6 6. Bg5 e6 7. f4 Be7 8. Qf3 Qc7 9. 0-0-0 Nbd7 10. g4 b5 11. Bxf6 Nxf6 12. g5 Nd7 13. f5 0-0 14. f6 gxf6 15. gxf6 Nxf6 16. Bd3 Kh8 17. Rhg1 Bb7 18. Nce2 Rg8 19. Ng3 Qc5 20. Nb3 Qe5 21. Na5 Rab8 22. Nxb7 Rxb7 23. Ne2 Rbb8 24. Rxg8+ Rxg8 25. Ng3 a5 26. Rf1 b4 27. Kb1 a4 28. Qf4 Rg4 29. Qxe5 dxe5 30. Kc1 h5 0-1

[Event "Avoine op 23rd"]
[Site "Avoine"]
[Date "2008.07.26"]
[Round "8"]
[White "Spitz, Christophe"]
[Black "Romain, Xavier"]
[Result "1-0"]
[WhiteElo "2175"]
[BlackElo "1892"]
[PlyCount "85"]
[EventDate "2008.07.19"]
[EventType "swiss"]
[EventRounds "9"]
[EventCountry "FRA"]
[SourceTitle "CBM 125 Extra"]
[Source "ChessBase"]
[SourceDate "2008.09.01"]
[SourceVersion "1"]
[SourceVersionDate "2008.09.01"]
[SourceQuality "1"]

1. e4 c5 2. Nf3 d6 3. d4 cxd4 4. Nxd4 Nf6 5. Nc3 a6 6. Bg5 e6 7. f4 Qc7 8. Qf3 b5 9. a3 Nbd7 10. 0-0-0 Bb7 11. Be2 Rc8 12. Rhe1 Be7 13. Bxf6 Nxf6 14. Qe3 Nd7 15. Bf3 Nb6 16. Rd3 Nc4 17. Qe2 Qb6 18. Nf5 Bf6 19. Nxd6+ Nxd6 20. e5 Bxf3 21. gxf3 Be7 22. exd6 Bxd6 23. f5 Bf4+ 24. Kb1 0-0 25. fxe6 fxe6 26. Qxe6+ Qxe6 27. Rxe6 Bxh2 28. Rxa6 h5 29. Rb6 h4 30. Rxb5 g6 31. Ne4 Bf4 32. Nf2 Rce8 33. Nh3 Be3 34. Rb4 g5 35. Rb5 Rxf3 36. Nxg5 Rg3 37. Rdd5 h3 38. Nxh3 Rxh3 39. Rb7 Rh1+ 40. Ka2 Rc1 41. c3 Rc2 42. Rdd7 Bc1 43. Kb1 1-0

[Event "FRA-chT2 West 0708"]
[Site "France"]
[Date "2008.04.06"]
[Round "11.2"]
[White "Spitz, Christophe"]
[Black "Jolly, Jean Francois"]
[Result "1/2-1/2"]
[WhiteElo "2175"]
[BlackElo "2329"]
[PlyCount "86"]
[EventDate "2007.10.21"]
[EventType "team"]
[EventRounds "11"]
[EventCountry "FRA"]
[SourceTitle "EXT 2009"]
[Source "ChessBase"]
[SourceDate "2008.11.26"]
[SourceVersion "1"]
[SourceVersionDate "2008.11.26"]
[SourceQuality "1"]
[WhiteTeam "Orleans"]
[BlackTeam "Quimper"]
[WhiteTeamCountry "FRA"]
[BlackTeamCountry "FRA"]

1. e4 e5 2. Nf3 Nc6 3. d4 exd4 4. Bc4 Nf6 5. 0-0 Nxe4 6. Re1 d5 7. Bxd5 Qxd5 8. Nc3 Qa5 9. Nxe4 Be6 10. Bd2 Qd5 11. Bg5 Bb4 12. c3 Ba5 13. Rc1 b5 14. Bf6 0-0 15. Nxd4 Nxd4 16. Bxd4 Bb6 17. Bxb6 axb6 18. a3 Qxd1 19. Rcxd1 Rfd8 20. f3 Bb3 21. Rxd8+ Rxd8 22. Re2 Rd1+ 23. Kf2 Kf8 24. Rd2 Rb1 25. Ke3 Ke7 26. Ng3 g6 27. Ne2 c5 28. Nf4 f5 29. Nd3 Ke6 30. f4 h6 31. Ne5 g5 32. Nd7 gxf4+ 33. Kxf4 Rf1+ 34. Kg3 f4+ 35. Kh4 Rd1 36. Rxd1 Bxd1 37. Nxb6 c4 38. a4 bxa4 39. Nxc4 Be2 40. Nd2 Kf5 41. Kh3 Bg4+ 42. Kh4 Be2 43. Kh3 Bg4+ 1/2-1/2

[Event "FRA-chT2 West 0708"]
[Site "France"]
[Date "2008.03.16"]
[Round "9.2"]
[White "Spitz, Christophe"]
[Black "Lefebvre, Herve"]
[Result "0-1"]
[WhiteElo "2157"]
[BlackElo "2253"]
[PlyCount "92"]
[EventDate "2007.10.21"]
[EventType "team"]
[EventRounds "11"]
[EventCountry "FRA"]
[SourceTitle "EXT 2009"]
[Source "ChessBase"]
[SourceDate "2008.11.26"]
[SourceVersion "1"]
[SourceVersionDate "2008.11.26"]
[SourceQuality "1"]
[WhiteTeam "Orleans"]
[BlackTeam "Gonfreville II"]
[WhiteTeamCountry "FRA"]
[BlackTeamCountry "FRA"]

1. e4 c5 2. Nf3 Nc6 3. d4 cxd4 4. Nxd4 Qb6 5. Nb3 Nf6 6. Nc3 e6 7. Be3 Qc7 8. a3 a6 9. f4 d6 10. Be2 b5 11. 0-0 Be7 12. Bf3 Bb7 13. Qe2 0-0 14. g4 Rfe8 15. g5 Nd7 16. Qf2 Bf8 17. Rad1 Rac8 18. h4 b4 19. axb4 Nxb4 20. h5 g6 21. hxg6 hxg6 22. Rd2 d5 23. Qh4 Bg7 24. Rh2 dxe4 25. Bd4 e5 26. fxe5 exf3 27. e6 Ne5 28. Bc5 fxe6 29. Qxb4 Nd3 30. cxd3 Qg3+ 31. Kh1 Be5 32. Rff2 Qxh2+ 33. Rxh2 f2+ 34. Qxb7 f1Q+ 35. Bg1 Bxh2 36. Kxh2 Qf4+ 37. Kh1 Rb8 38. Qd7 Qf3+ 39. Kh2 Qh5+ 40. Kg2 Qxg5+ 41. Kf1 Rf8+ 42. Bf2 Qf5 43. Ne4 Rxb3 44. Qd4 Qh3+ 45. Ke2 Qf3+ 46. Kd2 Rxb2+ 0-1

[Event "FRA-chT2 West 0708"]
[Site "France"]
[Date "2008.01.20"]
[Round "6.2"]
[White "Spitz, Christophe"]
[Black "Sinkovics, Peter"]
[Result "1/2-1/2"]
[WhiteElo "2157"]
[BlackElo "2355"]
[PlyCount "66"]
[EventDate "2007.10.21"]
[EventType "team"]
[EventRounds "11"]
[EventCountry "FRA"]
[SourceTitle "EXT 2009"]
[Source "ChessBase"]
[SourceDate "2008.11.26"]
[SourceVersion "1"]
[SourceVersionDate "2008.11.26"]
[SourceQuality "1"]
[WhiteTeam "Orleans"]
[BlackTeam "Bagneux"]
[WhiteTeamCountry "FRA"]
[BlackTeamCountry "FRA"]

1. e4 e5 2. Nf3 Nc6 3. d4 exd4 4. Bc4 Nf6 5. 0-0 Nxe4 6. Re1 d5 7. Bxd5 Qxd5 8. Nc3 Qa5 9. Nxe4 Be6 10. Bd2 Bb4 11. Nxd4 Nxd4 12. c3 Be7 13. cxd4 Qd5 14. Qa4+ Qd7 15. Qxd7+ Kxd7 16. Nc5+ Bxc5 17. dxc5 Kc6 18. Be3 Rhd8 19. f3 a5 20. Kf2 a4 21. a3 Bb3 22. Rac1 Rd3 23. Rc3 Rxc3 24. bxc3 Re8 25. Bf4 Be6 26. Re4 Ra8 27. Ke3 Ra5 28. Kd2 Rxc5 29. Rxa4 Rc4 30. Rxc4+ Bxc4 31. Ke3 Kb6 32. h4 c5 33. Bd6 Kc6 1/2-1/2

[Event "FRA-chT2O 9899"]
[Site "France"]
[Date "1998.10.18"]
[Round "1"]
[White "Payen, Arnaud"]
[Black "Spitz, Christophe"]
[Result "0-1"]
[WhiteElo "2415"]
[BlackElo "2173"]
[PlyCount "80"]
[EventDate "1998.??.??"]
[EventType "team"]
[EventRounds "9"]
[EventCountry "FRA"]
[SourceTitle "EXT 2002"]
[Source "ChessBase"]
[SourceDate "2001.11.25"]
[SourceVersion "1"]
[SourceVersionDate "2001.11.25"]
[SourceQuality "1"]

1. e4 c5 2. Nf3 Nc6 3. d4 cxd4 4. Nxd4 g6 5. Nc3 Bg7 6. Nde2 Nf6 7. g3 0-0 8. Bg2 d6 9. h3 Bd7 10. 0-0 a6 11. Bg5 b5 12. Qc1 Rc8 13. Rd1 Ne5 14. b3 b4 15. Nd5 Nxd5 16. exd5 Bb5 17. Qd2 Bxe2 18. Qxe2 h6 19. Be3 Nd7 20. a3 Bxa1 21. Rxa1 a5 22. Bxh6 Re8 23. axb4 axb4 24. h4 Nf6 25. Rd1 Rc3 26. Bg5 Kg7 27. Rd4 Qc7 28. Rf4 Ra8 29. Bxf6+ exf6 30. Be4 Re8 31. Qb5 Re5 32. Qxb4 f5 33. Bd3 Rxd3 34. cxd3 Qc1+ 35. Kg2 Re1 36. Qd4+ Kg8 37. Qf6 Rg1+ 38. Kf3 Qd1+ 39. Ke3 Re1+ 40. Kd4 Qa1+ 0-1